000 00881ned a22003134i 4500
999 _c65820
_d65820
001 768714001
003 CO-MdFUSB
005 20200427143528.0
007 aj cafaa
008 200427t1999 ck ||||| |a|| 00| 0 spa d
020 _z1576976912
034 _aa
040 _aCO-MdFUSB
_bspa
_cCO-MdFUSB
_dCO-MdFUSB
_erda
041 _aspa
043 _ack
084 _aM 233 S675
_qCO-MdFUSB
110 _aSociedades Bíblicas Unidas,
245 _aImperio romano en tiempos de Cristo
_c/
255 _aa
264 1 _aColombia :
_bSociedades Bíblicas Unidas de Colombia,
_c[1999]
264 4 _c© 1999
300 _a1 mapas en 1 pliego :
_bcolor, seda ;
336 _2rdacontent
_aimagen cartográfica
_bcri
337 _2rdamedia
_asin mediación
_bn
338 _2rdacarrier
_ahoja
_bnb
490 _aMapas Bíblicos RVR
650 7 _9239
_aCristología
942 _cMP